[Event "SERBIA CHESS OPEN 2021 - MASTERS"]
[Site "Belgrade, Hotel Metropol"]
[Date "2021.07.04"]
[Round "4.1"]
[White "Shevchenko, Kirill"]
[Black "Fedoseev, Vladimir"]
[Result "1-0"]
[WhiteElo "2605"]
[BlackElo "2696"]
[PlyCount "85"]
[EventDate "2021.??.??"]

1. e4 c5 2. Nf3 d6 3. d4 cxd4 4. Nxd4 Nf6 5. Nc3 a6 6. Bg5 Nbd7 7. Qe2 h6 8.
Bh4 g6 9. f4 e5 10. fxe5 dxe5 11. O-O-O Qc7 12. Nb3 b5 13. Rxd7 Nxd7 14. Nd5
Qb8 15. Na5 Bg7 16. Be7 Bb7 17. Nxb7 Qxb7 18. Qf3 Nb6 19. Bf6 Nxd5 20. Bxg7 Rh7
21. Bxe5 Qe7 22. Bd4 Nb4 23. Bf6 Qe6 24. a3 Nc6 25. Be2 Kf8 26. Rd1 Re8 27. Qc3
Kg8 28. Bg4 Qxg4 29. Qxc6 Rf8 30. e5 h5 31. h4 g5 32. hxg5 h4 33. Qd6 Re8 34.
Qc6 Rf8 35. Qd6 Re8 36. Qd8 Qe6 37. Qd3 h3 38. g6 Rh6 39. gxf7+ Kxf7 40. gxh3
Rxh3 41. Qe4 Rg8 42. Rf1 Rb8 43. Bh4+ 1-0

[Event "SERBIA CHESS OPEN 2021 - MASTERS"]
[Site "Belgrade, Hotel Metropol"]
[Date "2021.07.04"]
[Round "4.2"]
[White "Asadli, Vugar"]
[Black "Kovalenko, Igor"]
[Result "1/2-1/2"]
[WhiteElo "2574"]
[BlackElo "2643"]
[PlyCount "101"]
[EventDate "2021.??.??"]

1. e4 c6 2. d4 d5 3. exd5 cxd5 4. Bd3 Nc6 5. c3 Qc7 6. h3 g6 7. Ne2 Nf6 8. Bf4
Qd8 9. Nd2 Bf5 10. Bxf5 gxf5 11. Be5 e6 12. Nf3 Bd6 13. Nf4 Rg8 14. Qe2 Ne4 15.
O-O-O Bxe5 16. Nxe5 Nxe5 17. dxe5 Qa5 18. Kb1 Qb6 19. Rc1 Rc8 20. Ka1 Qxf2 21.
Qb5+ Kd8 22. Rhf1 Qb6 23. Qd3 Qa6 24. Qd1 Kc7 25. g4 fxg4 26. hxg4 Kb8 27. Nh5
Rc7 28. Rf4 Rgc8 29. Nf6 Nc5 30. Rd4 Qb6 31. Rc2 Nd7 32. Nxd7+ Rxd7 33. a3 Qd8
34. Rh2 Qh8 35. Rh5 Rg8 36. Qd3 Rg7 37. g5 Rc7 38. Rdh4 a6 39. Qd2 Qd8 40. Qe3
Rc8 41. Rxh7 Qxg5 42. Qxg5 Rxg5 43. Rxf7 Rc6 44. Rhh7 Rb6 45. b4 Ka7 46. a4 Rg3
47. a5 Rb5 48. Rf8 Rxc3 49. Ka2 Rc2+ 50. Ka3 Rc1 51. Ka2 1/2-1/2

[Event "SERBIA CHESS OPEN 2021 - MASTERS"]
[Site "Belgrade, Hotel Metropol"]
[Date "2021.07.04"]
[Round "4.3"]
[White "Petrosyan, Manuel"]
[Black "Basso, Pier Luigi"]
[Result "1-0"]
[WhiteElo "2632"]
[BlackElo "2550"]
[PlyCount "151"]
[EventDate "2021.??.??"]

1. d4 Nf6 2. Nf3 d5 3. Bf4 c5 4. e3 Nc6 5. Nbd2 Bg4 6. c3 e6 7. Qb3 Qc8 8. Nh4
cxd4 9. exd4 Be7 10. h3 Bh5 11. g4 Bg6 12. Nxg6 hxg6 13. Be2 a6 14. h4 Nd7 15.
Nf3 Na5 16. Qc2 Nc4 17. Bd3 Qc6 18. Ng5 Bd6 19. Bxd6 Nxd6 20. O-O-O O-O-O 21.
f4 Nf6 22. Qe2 Rde8 23. Rde1 Kb8 24. Kb1 Ka8 25. Rh3 Ka7 26. Qg2 Qc7 27. Qg3
Qc6 28. Qf3 Qc7 29. Rh2 Qc6 30. Qg3 Ka8 31. Rhe2 Qd7 32. Qh3 Qc7 33. Bc2 Ka7
34. Qg3 Qd7 35. Rh2 Ka8 36. Qf3 Ka7 37. Bd3 Ka8 38. Rg1 Reg8 39. Qe2 Ka7 40.
Nf3 Qc7 41. Nd2 Qc6 42. g5 Nd7 43. Nf3 Rh5 44. Ne5 Nxe5 45. fxe5 Nf5 46. Bxf5
exf5 47. Re1 Re8 48. Qe3 Re6 49. Qg3 Rh8 50. Reh1 Rh5 51. b3 Rh8 52. Kb2 Qd7
53. h5 gxh5 54. Rxh5 Rxh5 55. Rxh5 g6 56. Rh7 Re8 57. Qh3 Qe6 58. Qh6 Rc8 59.
a4 Qc6 60. Qh3 Rc7 61. Qf3 b5 62. a5 Kb7 63. Rh8 Rc8 64. Qh3 Rxh8 65. Qxh8 Qe6
66. Qd8 Kc6 67. Kc2 f4 68. Kd2 f3 69. Ke3 f2 70. Kxf2 Qf5+ 71. Ke3 Qe4+ 72. Kd2
Qf4+ 73. Kc2 Qf2+ 74. Kb1 Qf1+ 75. Kb2 Qf3 76. Qc8# 1-0

[Event "SERBIA CHESS OPEN 2021 - MASTERS"]
[Site "Belgrade, Hotel Metropol"]
[Date "2021.07.04"]
[Round "4.4"]
[White "Bogosavljevic, Boban"]
[Black "Indjic, Aleksandar"]
[Result "0-1"]
[WhiteElo "2527"]
[BlackElo "2607"]
[PlyCount "66"]
[EventDate "2021.??.??"]

1. Nf3 c5 2. c4 Nc6 3. d4 cxd4 4. Nxd4 Nf6 5. Nc3 e6 6. Bf4 d6 7. Nxc6 bxc6 8.
g3 e5 9. Bg5 Be6 10. Bg2 Rc8 11. Qa4 Qd7 12. Bxf6 gxf6 13. O-O f5 14. Rad1 Be7
15. Rd2 h5 16. Rfd1 h4 17. Qa6 hxg3 18. hxg3 Kf8 19. Nd5 Bxd5 20. cxd5 c5 21.
Rd3 Kg7 22. Rb3 Rc7 23. Qc4 Bf6 24. e3 e4 25. Rc1 Be5 26. Rb5 Rcc8 27. Qe2 Rh6
28. a4 Rch8 29. b4 cxb4 30. Rxb4 Qe7 31. f4 exf3 32. Qxf3 Qg5 33. g4 Rf6 0-1

[Event "SERBIA CHESS OPEN 2021 - MASTERS"]
[Site "Belgrade, Hotel Metropol"]
[Date "2021.07.04"]
[Round "4.5"]
[White "Kuzubov, Yuriy"]
[Black "Ozenir, Ekin Baris"]
[Result "1/2-1/2"]
[WhiteElo "2653"]
[BlackElo "2331"]
[PlyCount "175"]
[EventDate "2021.??.??"]

1. d4 e6 2. c4 Nf6 3. Nf3 b6 4. g3 Bb7 5. Bg2 Be7 6. Nc3 Ne4 7. Bd2 Bf6 8. Qc2
Nxd2 9. Qxd2 d6 10. d5 O-O 11. Nd4 Bxd4 12. Qxd4 c5 13. Qd2 e5 14. O-O f5 15.
f4 Nd7 16. e4 exf4 17. gxf4 Ba6 18. b3 Qh4 19. Rae1 Rae8 20. exf5 Nf6 21. Re6
Ng4 22. h3 Nh6 23. Qe1 Qxe1 24. Rfxe1 Rd8 25. f6 Nf5 26. Bf3 gxf6 27. Bg4 Ng7
28. f5 h5 29. Bd1 Nxf5 30. Rf1 Nd4 31. Re7 Rf7 32. Rfe1 h4 33. Bh5 Rh7 34. Bg6
Rh6 35. Re8+ Rxe8 36. Rxe8+ Kg7 37. Bd3 f5 38. Kf2 Rg6 39. Ne2 Nxe2 40. Bxe2
Rg3 41. Ra8 Kf6 42. Rxa7 Bc8 43. Rc7 Ba6 44. Rc6 Ke7 45. Bf1 Rc3 46. Rxb6 Bc8
47. b4 cxb4 48. Rb8 Bd7 49. Rxb4 Rc2+ 50. Kf3 Rxa2 51. Rb7 Kd8 52. Rb8+ Bc8 53.
Rb1 Ke7 54. Re1+ Kf7 55. Rb1 Ke7 56. Kf4 Kf6 57. Bd3 Ra3 58. Be2 Ra2 59. Bf1
Bd7 60. Bd3 Ra3 61. Be2 Ra2 62. Bh5 Ra4 63. Rc1 Bb5 64. Be2 Ba6 65. Bd3 Rb4 66.
Re1 Bxc4 67. Re6+ Kf7 68. Bxc4 Rxc4+ 69. Kxf5 Rc3 70. Rxd6 Rxh3 71. Rd7+ Ke8
72. Ke6 Re3+ 73. Kd6 Ra3 74. Rb7 h3 75. Rh7 Ra6+ 76. Ke5 Kd8 77. Rxh3 Kd7 78.
Rh7+ Kd8 79. Rh1 Kd7 80. Rh8 Rb6 81. Kd4 Ra6 82. Rh7+ Kd8 83. Kc5 Rg6 84. d6
Rg1 85. Rc7 Rc1+ 86. Kd5 Rxc7 87. dxc7+ Kxc7 88. Ke4 1/2-1/2

[Event "SERBIA CHESS OPEN 2021 - MASTERS"]
[Site "Belgrade, Hotel Metropol"]
[Date "2021.07.04"]
[Round "4.6"]
[White "Ter-Sahakyan, Samvel"]
[Black "Leniart, Arkadiusz"]
[Result "1-0"]
[WhiteElo "2643"]
[BlackElo "2499"]
[PlyCount "101"]
[EventDate "2021.??.??"]

1. e4 c6 2. d4 d5 3. e5 Bf5 4. Nf3 e6 5. Be2 Ne7 6. O-O c5 7. c4 Nbc6 8. dxc5
d4 9. Qa4 Ng6 10. Rd1 d3 11. Be3 Qd7 12. Nc3 Ngxe5 13. Nxe5 Nxe5 14. Qxd7+ Kxd7
15. Bf4 Ng6 16. Bxd3 Nxf4 17. Bxf5+ Kc8 18. g3 Nh5 19. Bh3 Nf6 20. b4 Be7 21.
Bg2 Rb8 22. Nb5 a6 23. Nd6+ Bxd6 24. cxd6 Kd7 25. c5 Rhc8 26. Rac1 Kd8 27. a4
Nd7 28. a5 Ne5 29. Rd4 Kd7 30. Re1 Nc6 31. Rf4 Rf8 32. h4 g6 33. Rfe4 Rfe8 34.
f4 h5 35. Kf2 Ra8 36. Bf3 Rab8 37. R1e3 Rh8 38. Ke1 Rhe8 39. Kd2 Na7 40. Kc3
Nc6 41. Bd1 Ra8 42. Ba4 Rh8 43. Re1 Ra7 44. R4e2 Raa8 45. Rb2 Ra7 46. Reb1 Kc8
47. Ra1 Rd8 48. b5 Nxa5 49. b6 Ra8 50. Rba2 Kb8 51. Kb4 1-0

[Event "SERBIA CHESS OPEN 2021 - MASTERS"]
[Site "Belgrade, Hotel Metropol"]
[Date "2021.07.04"]
[Round "4.7"]
[White "Kourkoulos-Arditis, Stamatis"]
[Black "Pichot, Alan"]
[Result "1-0"]
[WhiteElo "2485"]
[BlackElo "2630"]
[PlyCount "77"]
[EventDate "2021.??.??"]

1. d4 Nf6 2. c4 e6 3. Nf3 d5 4. g3 Be7 5. Bg2 O-O 6. O-O dxc4 7. Qc2 c6 8. Qxc4
b5 9. Qc2 Bb7 10. Bg5 Nbd7 11. Rd1 Rc8 12. Ne5 Nxe5 13. dxe5 Nd7 14. Bf4 Qc7
15. Nc3 g5 16. Be3 Nxe5 17. Ne4 h6 18. Bc5 Rfd8 19. Qc3 Rd5 20. f4 Rcd8 21. Rf1
f5 22. Bxe7 Qxe7 23. fxe5 fxe4 24. Bxe4 Rd4 25. Qf3 Qg7 26. Rac1 R4d7 27. Qe3
Rf8 28. Rxf8+ Qxf8 29. Rf1 Rf7 30. Rxf7 Qxf7 31. Qxa7 Qc7 32. Qc5 Qd7 33. Kf2
Qd2 34. Qb6 Qd7 35. h3 Kg7 36. Kg2 Kg8 37. g4 Kg7 38. Bf3 Kf8 39. b3 1-0

[Event "SERBIA CHESS OPEN 2021 - MASTERS"]
[Site "Belgrade, Hotel Metropol"]
[Date "2021.07.04"]
[Round "4.8"]
[White "Nihal, Sarin"]
[Black "Gharibyan, Mamikon"]
[Result "1-0"]
[WhiteElo "2620"]
[BlackElo "2464"]
[PlyCount "185"]
[EventDate "2021.??.??"]

1. d4 Nf6 2. c4 e6 3. g3 Bb4+ 4. Nd2 c5 5. a3 Bxd2+ 6. Qxd2 cxd4 7. Nf3 d5 8.
Bg2 dxc4 9. Qxd4 Qxd4 10. Nxd4 a6 11. Bf4 Nd5 12. Rc1 Bd7 13. Bxb8 Rxb8 14.
Rxc4 Ke7 15. Bxd5 exd5 16. Rc3 Rbc8 17. Rxc8 Rxc8 18. Kd2 Kd6 19. e3 h5 20. h4
g6 21. b3 a5 22. Rb1 Ra8 23. Rc1 Re8 24. Kd3 Ra8 25. Nf3 Bg4 26. Ne1 Ra6 27.
Kd4 Rb6 28. f3 Bh3 29. Rc3 Bf1 30. e4 dxe4 31. fxe4 Be2 32. Nf3 Bxf3 33. Rxf3
Ke7 34. Kc5 Re6 35. Kb5 Rxe4 36. Kb6 f5 37. Kxb7 Kf6 38. Kb6 a4 39. b4 g5 40.
hxg5+ Kxg5 41. b5 Kg4 42. Rc3 h4 43. gxh4 f4 44. h5 f3 45. h6 f2 46. h7 Re8 47.
Rc1 Rh8 48. Ka5 Rxh7 49. Kxa4 Re7 50. Rf1 Kf3 51. b6 Ke2 52. Rxf2+ Kxf2 53. Kb5
Ke3 54. Kc5 Re5+ 55. Kd6 Rb5 56. Kc6 Rb3 57. a4 Rc3+ 58. Kd5 Rb3 59. a5 Rb5+
60. Kc6 Rxa5 61. b7 Ra6+ 62. Kc5 Ra5+ 63. Kc4 Ra4+ 64. Kb3 Ra1 65. Kb2 Rd1 66.
b8=Q Rd2+ 67. Kc3 Rd3+ 68. Kc4 Rd4+ 69. Kc5 Rd3 70. Qe5+ Kf3 71. Kc4 Rd2 72.
Kc3 Re2 73. Qf5+ Ke3 74. Qh3+ Kf4 75. Qf1+ Ke3 76. Qf5 Rf2 77. Qe5+ Kf3 78. Kd3
Kg4 79. Ke3 Rf5 80. Qg7+ Rg5 81. Qd7+ Kg3 82. Qd6+ Kg4 83. Qe6+ Kg3 84. Qf6 Kg4
85. Qf3+ Kh4 86. Qh1+ Kg3 87. Qg1+ Kh4 88. Qh2+ Kg4 89. Ke4 Ra5 90. Qe2+ Kh3
91. Kf4 Ra4+ 92. Kf3 Rf4+ 93. Kxf4 1-0

[Event "SERBIA CHESS OPEN 2021 - MASTERS"]
[Site "Belgrade, Hotel Metropol"]
[Date "2021.07.04"]
[Round "4.9"]
[White "Bernadskiy, Vitaliy"]
[Black "Arnaudov, G. Petar"]
[Result "1-0"]
[WhiteElo "2606"]
[BlackElo "2471"]
[PlyCount "69"]
[EventDate "2021.??.??"]

1. c4 e6 2. d4 Nf6 3. Nc3 Bb4 4. Qc2 d5 5. a3 Bxc3+ 6. Qxc3 dxc4 7. Qxc4 b6 8.
Bg5 Ba6 9. Bxf6 Qxf6 10. Qa4+ c6 11. Nf3 O-O 12. Rc1 c5 13. e3 Bb7 14. Be2 Bc6
15. Qc2 Nd7 16. b4 Rab8 17. O-O Bxf3 18. Bxf3 cxd4 19. exd4 Qd8 20. b5 Nf6 21.
Qc7 Qxd4 22. Qxa7 Nd5 23. Rfd1 Qb2 24. Bxd5 exd5 25. a4 d4 26. Qc7 Ra8 27. Rb1
Qc3 28. Qxb6 Rxa4 29. Qd6 Re8 30. b6 Raa8 31. b7 Rab8 32. Rbc1 Qb3 33. Qxb8
Qxd1+ 34. Rxd1 Rxb8 35. Rc1 1-0

[Event "SERBIA CHESS OPEN 2021 - MASTERS"]
[Site "Belgrade, Hotel Metropol"]
[Date "2021.07.04"]
[Round "4.10"]
[White "Nikitenko, Mihail"]
[Black "Safarli, Eltaj"]
[Result "1/2-1/2"]
[WhiteElo "2472"]
[BlackElo "2604"]
[PlyCount "60"]
[EventDate "2021.??.??"]

1. e4 e5 2. Nf3 Nc6 3. Bc4 Bc5 4. c3 Nf6 5. d4 exd4 6. e5 d5 7. Bb5 Ne4 8. cxd4
Bb6 9. Nc3 O-O 10. Be3 Bg4 11. h3 Bh5 12. Qc2 Ba5 13. O-O Nxc3 14. bxc3 Bxf3
15. gxf3 Qd7 16. Kh2 Nxd4 17. cxd4 Qxb5 18. Rg1 g6 19. Rab1 Qc4 20. Qxc4 dxc4
21. Rxb7 Rfb8 22. Rgb1 Rxb7 23. Rxb7 Bb6 24. d5 Rd8 25. Bg5 Ra8 26. Be3 Rd8 27.
Bg5 Ra8 28. Be3 Rd8 29. Bg5 Ra8 30. Be3 Rd8 1/2-1/2

[Event "SERBIA CHESS OPEN 2021 - MASTERS"]
[Site "Belgrade, Hotel Metropol"]
[Date "2021.07.04"]
[Round "4.11"]
[White "Ivic, Velimir"]
[Black "Muradli, Mahammad"]
[Result "1-0"]
[WhiteElo "2582"]
[BlackElo "2461"]
[PlyCount "133"]
[EventDate "2021.??.??"]

1. e4 Nf6 2. e5 Nd5 3. d4 d6 4. c4 Nb6 5. f4 Bf5 6. Nc3 e6 7. Nf3 Be7 8. Be2
dxe5 9. fxe5 f6 10. exf6 Bxf6 11. Be3 Nc6 12. O-O O-O 13. Qd2 Qe7 14. Rad1 Rad8
15. Kh1 h6 16. h3 Kh8 17. Qe1 Bc2 18. Rd2 Bh7 19. Qf2 Qe8 20. Qg3 Qe7 21. Qf2
Qe8 22. Qg3 Rd7 23. Bg1 Qe7 24. c5 Nd5 25. Bb5 Rdd8 26. Re1 Qf7 27. Ne4 Be7 28.
Bh2 a6 29. Ba4 Qh5 30. Qg4 Qf7 31. Nc3 Bf5 32. Qg3 Rc8 33. a3 Bf6 34. Ne4 Bd8
35. Nh4 Qh5 36. Nxf5 exf5 37. Bd1 Qf7 38. Rf1 Qe8 39. Nc3 Bg5 40. Rd3 Ne3 41.
Rf3 Nc4 42. Qf2 b5 43. b3 Nxa3 44. h4 Bf6 45. Nd5 Qe4 46. Nxf6 Rxf6 47. Rfe3
Qd5 48. Bf3 Qd7 49. d5 Nb4 50. Rd2 f4 51. Re1 Qf5 52. Re4 a5 53. Qe2 Rcf8 54.
Rxf4 Qg6 55. Rxf6 Qxf6 56. Qe5 Qxh4 57. d6 cxd6 58. cxd6 Nc6 59. Qe4 Qg5 60.
Rd1 Nb8 61. d7 Nxd7 62. Rxd7 b4 63. Be5 Rg8 64. Bb2 Nb5 65. Rd5 Nc3 66. Bxc3
Qc1+ 67. Be1 1-0

[Event "SERBIA CHESS OPEN 2021 - MASTERS"]
[Site "Belgrade, Hotel Metropol"]
[Date "2021.07.04"]
[Round "4.12"]
[White "Boskovic, Drasko"]
[Black "Postny, Evgeny"]
[Result "0-1"]
[WhiteElo "2451"]
[BlackElo "2578"]
[PlyCount "92"]
[EventDate "2021.??.??"]

1. e4 e5 2. Nf3 Nc6 3. g3 Nf6 4. d3 Bc5 5. Bg2 d6 6. O-O O-O 7. c3 a5 8. a4 Ba7
9. Na3 Be6 10. Nc2 h6 11. Be3 Bxe3 12. Nxe3 d5 13. exd5 Nxd5 14. Re1 Re8 15. d4
exd4 16. Nxd4 Nxe3 17. Rxe3 Nxd4 18. cxd4 c6 19. d5 cxd5 20. Rd3 Ra6 21. Bxd5
Rd6 22. Bc4 Rxd3 23. Qxd3 Qxd3 24. Bxd3 Rd8 25. Ra3 Rd4 26. Bc2 Rb4 27. Rd3 Kf8
28. b3 Bf5 29. Rc3 Bxc2 30. Rxc2 Rxb3 31. Rc7 g5 32. h3 Rb4 33. Kg2 Kg7 34. Kf3
Kf6 35. Ke3 Ke6 36. Kd3 f6 37. Ke3 h5 38. Rc5 Rxa4 39. Rb5 h4 40. Rb6+ Kd5 41.
Kf3 Rb4 42. Rxf6 a4 43. Rf5+ Kc4 44. Rxg5 a3 45. Ra5 Kb3 46. g4 a2 0-1

[Event "SERBIA CHESS OPEN 2021 - MASTERS"]
[Site "Belgrade, Hotel Metropol"]
[Date "2021.07.04"]
[Round "4.13"]
[White "Fier, Alexandr"]
[Black "Ahmadzada, Ahmad"]
[Result "1/2-1/2"]
[WhiteElo "2569"]
[BlackElo "2431"]
[PlyCount "31"]
[EventDate "2021.??.??"]

1. e4 e5 2. Nf3 Nf6 3. d4 exd4 4. e5 Ne4 5. Qxd4 d5 6. exd6 Nxd6 7. Nc3 Nc6 8.
Qf4 g6 9. Be3 Bg7 10. O-O-O O-O 11. Nb5 Bf5 12. g4 Qf6 13. Nc3 Be6 14. Qxf6
Bxf6 15. Nd5 Bg7 16. h3 1/2-1/2

[Event "SERBIA CHESS OPEN 2021 - MASTERS"]
[Site "Belgrade, Hotel Metropol"]
[Date "2021.07.04"]
[Round "4.15"]
[White "Perunovic, Milos"]
[Black "Pranav, V."]
[Result "0-1"]
[WhiteElo "2567"]
[BlackElo "2366"]
[PlyCount "90"]
[EventDate "2021.??.??"]

1. e4 e5 2. Nf3 Nc6 3. Bb5 a6 4. Ba4 Nf6 5. Nc3 b5 6. Bb3 Bc5 7. Nd5 d6 8. c3
h6 9. d4 Ba7 10. Nxf6+ Qxf6 11. Bd5 Bd7 12. a4 O-O 13. Be3 Bb6 14. O-O Rad8 15.
axb5 axb5 16. dxe5 dxe5 17. Bxb6 cxb6 18. Qe2 Ne7 19. Qe3 Bg4 20. Ra6 Rd6 21.
Bb3 Rfd8 22. Ne1 Ng6 23. f3 Be6 24. Bxe6 Qxe6 25. g3 h5 26. Ng2 h4 27. Qg5 Rd2
28. gxh4 Qh3 29. Qg3 Qc8 30. Raa1 Rxb2 31. h5 Nf4 32. Nxf4 exf4 33. Qxf4 Rdd2
34. Rfd1 Rg2+ 35. Kh1 Qh3 36. Ra8+ Kh7 37. Qf5+ Qxf5 38. exf5 Rxh2+ 39. Kg1
Rbg2+ 40. Kf1 Rc2 41. Kg1 Rxh5 42. f6 Rg5+ 43. Kf1 Rf5 44. Rd3 Rxf6 45. Ra7 Rf4
0-1

[Event "SERBIA CHESS OPEN 2021 - MASTERS"]
[Site "Belgrade, Hotel Metropol"]
[Date "2021.07.04"]
[Round "4.16"]
[White "Stukan, Martin"]
[Black "Kadric, Denis"]
[Result "1/2-1/2"]
[WhiteElo "2431"]
[BlackElo "2564"]
[PlyCount "53"]
[EventDate "2021.??.??"]

1. d4 Nf6 2. c4 d6 3. Nc3 e5 4. Nf3 Nc6 5. d5 Ne7 6. e4 Ng6 7. g3 Be7 8. h4 Nf8
9. Qc2 N8d7 10. Bh3 c6 11. O-O O-O 12. Rd1 cxd5 13. cxd5 Nc5 14. Bxc8 Rxc8 15.
Qe2 Qd7 16. Bg5 h6 17. Bxf6 Bxf6 18. Rac1 Be7 19. Nd2 a5 20. Rc2 g6 21. Rdc1 b6
22. Nb3 a4 23. Nxc5 bxc5 24. Qb5 Qg4 25. Qe2 Qd7 26. Qb5 Qg4 27. Qe2 1/2-1/2

[Event "SERBIA CHESS OPEN 2021 - MASTERS"]
[Site "Belgrade, Hotel Metropol"]
[Date "2021.07.04"]
[Round "4.17"]
[White "Zarubitski, Viachaslau"]
[Black "Sanal, Vahap"]
[Result "0-1"]
[WhiteElo "2426"]
[BlackElo "2556"]
[PlyCount "90"]
[EventDate "2021.??.??"]

1. e4 e5 2. Nf3 Nc6 3. Bb5 a6 4. Ba4 Nf6 5. O-O Be7 6. Re1 b5 7. Bb3 O-O 8. c3
Na5 9. Nxe5 Nxb3 10. axb3 Bb7 11. d3 d5 12. exd5 Qxd5 13. Qf3 c5 14. c4 Qxf3
15. Nxf3 Rfe8 16. Nc3 Bf8 17. Bf4 Red8 18. Rad1 Bc6 19. Ne5 Be8 20. h3 h6 21.
Rd2 Ra7 22. Ra1 Raa8 23. Rad1 Rac8 24. Bh2 Nh7 25. Ra1 f6 26. Ng4 Bf7 27. Ne3
Rc6 28. Ne4 Ng5 29. Nxg5 hxg5 30. Ra5 Re6 31. g4 Be8 32. Kf1 Bc6 33. Ke1 Bf3
34. Kf1 g6 35. Ra1 Rd7 36. Kg1 Rh7 37. d4 Rxh3 38. cxb5 Bd6 39. Nf1 Re4 40. Rd3
Bxh2+ 41. Nxh2 Rxg4+ 42. Kf1 Rxh2 43. Rxf3 Rh1+ 44. Ke2 Rxa1 45. b6 Rxd4 0-1

[Event "SERBIA CHESS OPEN 2021 - MASTERS"]
[Site "Belgrade, Hotel Metropol"]
[Date "2021.07.04"]
[Round "4.18"]
[White "Sadhwani, Raunak"]
[Black "Baglan, Esat"]
[Result "1-0"]
[WhiteElo "2555"]
[BlackElo "2359"]
[PlyCount "87"]
[EventDate "2021.??.??"]

1. e4 e6 2. d4 d5 3. Nc3 Nf6 4. Bg5 Bb4 5. e5 h6 6. Bd2 Bxc3 7. bxc3 Ne4 8. Qg4
Kf8 9. Bd3 Nxd2 10. Kxd2 c5 11. Nf3 c4 12. Be2 Nc6 13. h4 b5 14. a3 a5 15. Qf4
Rb8 16. g4 g6 17. Qf6 Rh7 18. Ke3 Ke8 19. Qxd8+ Kxd8 20. Ne1 Bd7 21. h5 g5 22.
Rf1 Ke7 23. f4 gxf4+ 24. Rxf4 Rf8 25. Ng2 Be8 26. Raf1 Nb8 27. Nh4 Nd7 28. Rb1
f6 29. Rxb5 fxe5 30. Rxf8 Kxf8 31. Rxa5 Rg7 32. Ra6 Ke7 33. a4 Bf7 34. Ra8 Nf6
35. Ra7+ Kf8 36. dxe5 Nxg4+ 37. Kf4 Nf2 38. a5 Rg5 39. Nf3 Rf5+ 40. Ke3 Ne4 41.
a6 Nxc3 42. Rb7 d4+ 43. Kd2 Nxe2 44. a7 1-0

[Event "SERBIA CHESS OPEN 2021 - MASTERS"]
[Site "Belgrade, Hotel Metropol"]
[Date "2021.07.04"]
[Round "4.19"]
[White "Bjerre, Jonas Buhl"]
[Black "Ohanyan, Emin"]
[Result "1-0"]
[WhiteElo "2546"]
[BlackElo "2324"]
[PlyCount "47"]
[EventDate "2021.??.??"]

1. e4 e6 2. d4 d5 3. Nd2 c5 4. exd5 Qxd5 5. dxc5 Bxc5 6. Ngf3 Nf6 7. Bc4 Qc6 8.
Qe2 O-O 9. Nb3 Be7 10. O-O a6 11. a4 b6 12. Re1 Bb7 13. Nbd4 Qc7 14. Ne5 Bd5
15. Bxd5 Nxd5 16. c4 Nf6 17. Bf4 Qc8 18. Qf3 Nbd7 19. Nec6 Qe8 20. Nf5 exf5 21.
Nxe7+ Kh8 22. Bd6 Ne4 23. Nxf5 Ng5 24. Qc3 1-0

[Event "SERBIA CHESS OPEN 2021 - MASTERS"]
[Site "Belgrade, Hotel Metropol"]
[Date "2021.07.04"]
[Round "4.20"]
[White "Abergel, Thal"]
[Black "Aleksandrov, Aleksej"]
[Result "0-1"]
[WhiteElo "2414"]
[BlackElo "2535"]
[PlyCount "120"]
[EventDate "2021.??.??"]

1. d4 Nf6 2. Nc3 c5 3. d5 d6 4. g3 g6 5. Bg2 Bg7 6. Nf3 O-O 7. O-O Na6 8. Nd2
Nc7 9. a4 b6 10. Re1 Ba6 11. h3 Qd7 12. e4 Rad8 13. Nf3 e6 14. dxe6 Nxe6 15. a5
b5 16. Nd5 Nxd5 17. exd5 Nc7 18. c3 Bb7 19. Nh2 Rde8 20. Rxe8 Rxe8 21. Nf1 f5
22. Bf4 Be5 23. Bxe5 Rxe5 24. Ne3 Qf7 25. c4 b4 26. b3 Bc8 27. Qf3 Ne8 28. Re1
Qc7 29. Qd1 Nf6 30. Qa1 Qg7 31. Nf1 Nd7 32. Ne3 Nf6 33. Nf1 Nd7 34. f4 Rxe1 35.
Qxe1 Kf8 36. Nd2 Qe7 37. Qa1 Nf6 38. Kh2 Kf7 39. Nf3 a6 40. Ng5+ Kg7 41. Qb2 h6
42. Ne6+ Bxe6 43. dxe6 Qxe6 44. Bb7 Qe7 45. Bxa6 Qa7 46. Bc8 Qxa5 47. g4 fxg4
48. hxg4 g5 49. fxg5 hxg5 50. Qd2 Ne4 51. Qe3 Qa2+ 52. Kg1 Qb1+ 53. Kg2 Qc2+
54. Kg1 Qd1+ 55. Kg2 Qd4 56. Qxd4+ cxd4 57. Bf5 Nc5 58. Bc2 d3 59. Bd1 Ne4 60.
Kf1 Kf6 0-1

[Event "SERBIA CHESS OPEN 2021 - MASTERS"]
[Site "Belgrade, Hotel Metropol"]
[Date "2021.07.04"]
[Round "4.21"]
[White "Lazov, Toni"]
[Black "Zanan, Evgeny"]
[Result "1-0"]
[WhiteElo "2412"]
[BlackElo "2535"]
[PlyCount "61"]
[EventDate "2021.??.??"]

1. e4 e5 2. Nf3 Nc6 3. d4 exd4 4. Nxd4 Bc5 5. Be3 Qf6 6. c3 Nge7 7. g3 h5 8. h3
d5 9. Bg2 dxe4 10. O-O Nxd4 11. cxd4 Bb6 12. Nc3 Nf5 13. Nxe4 Qg6 14. Nc5 O-O
15. Re1 Nxe3 16. Rxe3 c6 17. Qb3 h4 18. Rae1 Ba5 19. R1e2 Bc7 20. gxh4 b6 21.
Nd3 Qd6 22. Ne5 Be6 23. Qc3 Rac8 24. b3 Rfd8 25. Nxc6 Qh2+ 26. Kf1 Bf4 27. Rxe6
fxe6 28. Ne7+ Kh8 29. Nxc8 e5 30. Ne7 exd4 31. Ng6+ 1-0

[Event "SERBIA CHESS OPEN 2021 - MASTERS"]
[Site "Belgrade, Hotel Metropol"]
[Date "2021.07.04"]
[Round "4.22"]
[White "Iskandarov, Misratdin"]
[Black "Stoinev, Metodi"]
[Result "1-0"]
[WhiteElo "2533"]
[BlackElo "2212"]
[PlyCount "67"]
[EventDate "2021.??.??"]

1. e4 e5 2. Nf3 Nc6 3. Bb5 g6 4. d4 exd4 5. c3 a6 6. Bxc6 dxc6 7. cxd4 Bg7 8.
h3 h6 9. Nc3 Ne7 10. Bf4 g5 11. Be5 Bxe5 12. Nxe5 Be6 13. h4 Ng6 14. Nxg6 fxg6
15. d5 cxd5 16. exd5 Bf5 17. g4 Bd7 18. Qe2+ Kf7 19. O-O-O Qf6 20. Kb1 Rae8 21.
Qc4 Re7 22. hxg5 Qxg5 23. d6+ Be6 24. Qd4 Rd8 25. Ne4 Qf4 26. Rxh6 Qxe4+ 27.
Qxe4 Bxa2+ 28. Kxa2 Rxe4 29. dxc7 Rc8 30. Rh7+ Kf6 31. f4 Re6 32. Rd8 Re8 33.
Rd6+ Re6 34. g5+ 1-0

[Event "SERBIA CHESS OPEN 2021 - MASTERS"]
[Site "Belgrade, Hotel Metropol"]
[Date "2021.07.04"]
[Round "4.23"]
[White "Agmanov, Zhandos"]
[Black "Budisavljevic, Luka"]
[Result "1-0"]
[WhiteElo "2404"]
[BlackElo "2509"]
[PlyCount "167"]
[EventDate "2021.??.??"]

1. e4 c5 2. Nf3 e6 3. d4 cxd4 4. Nxd4 a6 5. c4 Nf6 6. Nc3 Qc7 7. a3 b6 8. Be3
Bb7 9. f3 Be7 10. Be2 O-O 11. O-O d6 12. Rc1 Nbd7 13. Qd2 Rac8 14. b4 Qb8 15.
Rc2 Rfe8 16. Rb1 Bd8 17. Kh1 h5 18. Bf1 h4 19. Qf2 Ne5 20. Na4 h3 21. Qg3 b5
22. cxb5 Rxc2 23. Nxc2 hxg2+ 24. Bxg2 axb5 25. Nc3 Qc8 26. Bd4 Nh5 27. Qf2 Bc6
28. Bf1 Nc4 29. a4 e5 30. Ba7 Nf4 31. Nxb5 Bxb5 32. axb5 Nb6 33. Ra1 Re6 34.
Ra6 d5 35. exd5 Nfxd5 36. Bh3 Qc4 37. Bxe6 fxe6 38. Ra1 e4 39. fxe4 Qxe4+ 40.
Qg2 Qd3 41. Re1 Nf6 42. Ne3 Qxb5 43. Qe2 Qxb4 44. Ng2 Qe7 45. Qxe6+ Qxe6 46.
Rxe6 Nbd5 47. Bd4 Kf7 48. Ra6 Be7 49. Nh4 Nb4 50. Ra4 Nc6 51. Bb2 Nd5 52. Nf3
Bf6 53. Bc1 Nce7 54. Ra7 Kg6 55. Bd2 Kf5 56. Ra4 Nc6 57. Kg2 Nce7 58. Nh4+ Ke6
59. Re4+ Kf7 60. Nf3 Kg6 61. Rc4 Kf5 62. Kg3 Ng6 63. Rc5 Nge7 64. Ra5 Kg6 65.
Kg4 Nb6 66. Ne5+ Kh7 67. Rb5 Nbd5 68. Nd7 Kg6 69. h4 Bd4 70. Bg5 Kf7 71. Nb8
Bf6 72. Rb7 Kg6 73. h5+ Kf7 74. Nc6 Ke6 75. Nd8+ Ke5 76. Bc1 Ke4 77. Ne6 Be5
78. Nc5+ Kd4 79. Bb2+ Kxc5 80. Bxe5 Kc6 81. Ra7 Kb6 82. Bd4+ Kc6 83. Bxg7 Kd6
84. h6 1-0

[Event "SERBIA CHESS OPEN 2021 - MASTERS"]
[Site "Belgrade, Hotel Metropol"]
[Date "2021.07.04"]
[Round "4.24"]
[White "Karacsonyi, Gellert"]
[Black "Sturt, Raven"]
[Result "1-0"]
[WhiteElo "2340"]
[BlackElo "2500"]
[PlyCount "67"]
[EventDate "2021.??.??"]

1. e4 c6 2. Nc3 d5 3. Nf3 Bg4 4. h3 Bxf3 5. Qxf3 e6 6. Be2 Bc5 7. Qg3 Bd4 8.
O-O Nd7 9. exd5 exd5 10. Bd1 Ne7 11. Ne2 Be5 12. Qf3 d4 13. d3 O-O 14. Bf4 Bf6
15. Ng3 Nd5 16. Ne4 Be5 17. Bxe5 Nxe5 18. Qg3 Qc7 19. c3 dxc3 20. bxc3 f5 21.
Bb3 Kh8 22. Ng5 Nxc3 23. Rfe1 f4 24. Qh4 h6 25. Ne6 Qd6 26. Nxf8 Rxf8 27. Qh5
Nd7 28. Re6 Qxd3 29. Rae1 f3 30. gxf3 Nf6 31. Rxf6 Ne2+ 32. Rxe2 Qb1+ 33. Kh2
Rxf6 34. Qe8+ 1-0